MARC details
| 000 -CABECERA |
| campo de control de longitud fija |
01293nam a2200301 u 4500 |
| 005 - FECHA Y HORA DE LA ÚLTIMA TRANSACCIÓN |
| campo de control |
20240413063709.0 |
| 008 - ELEMENTOS DE LONGITUD FIJA--INFORMACIÓN GENERAL |
| campo de control de longitud fija |
190703s2009 mx r 000 0 spa d |
| 020 ## - NÚMERO INTERNACIONAL NORMALIZADO PARA LIBROS |
| Número Internacional Estándar del Libro |
9786071600493 (FCE) |
| 020 ## - NÚMERO INTERNACIONAL NORMALIZADO PARA LIBROS |
| Número Internacional Estándar del Libro |
6071600499 (FCE) |
| 020 ## - NÚMERO INTERNACIONAL NORMALIZADO PARA LIBROS |
| Número Internacional Estándar del Libro |
9786070204326 (UNAM) |
| 020 ## - NÚMERO INTERNACIONAL NORMALIZADO PARA LIBROS |
| Número Internacional Estándar del Libro |
6070204328 (UNAM) |
| 035 ## - NÚMERO DE CONTROL DEL SISTEMA |
| Número de control de sistema |
UPN01000231704 |
| 040 ## - FUENTE DE LA CATALOGACIÓN |
| Centro catalogador/agencia de origen |
MX-MxUPN |
| Lengua de catalogación |
spa |
| Centro/agencia transcriptor |
MX-MxUPN |
| 050 #4 - SIGNATURA TOPOGRÁFICA DE LA BIBLIOTECA DEL CONGRESO |
| Número de clasificación |
PQ7297 S5 |
| Número de documento/Ítem |
A6 2009 |
| 100 1# - ASIENTO PRINCIPAL--NOMBRE PERSONAL |
| Nombre de persona |
Sierra, Justo, |
| Fechas asociadas al nombre |
1848-1912 |
| 9 (RLIN) |
28551 |
| 245 14 - MENCIÓN DE TÍTULO |
| Título |
Una escritura tocada por la gracia : |
| Resto del título |
una antología general / |
| Mención de responsabilidad, etc. |
Justo Sierra ; selección, cronología y estudio preliminar, Blanca Estela Treviño ; ensayos críticos, Silvia Molina [y otros tres] |
| 250 ## - MENCIÓN DE EDICIÓN |
| Mención de edición |
Primera edición |
| 260 ## - PUBLICACIÓN, DISTRIBUCIÓN, ETC. |
| Lugar de publicación, distribución, etc. |
México, D.F. : |
| Nombre del editor, distribuidor, etc. |
Fondo de Cultura Económica : |
| -- |
Universidad Nacional Autónoma de México : |
| -- |
Fundación para las Letras Mexicanas, |
| Fecha de publicación, distribución, etc. |
2009. |
| 300 ## - DESCRIPCIÓN FÍSICA |
| Extensión |
484 páginas |
| 490 ## - MENCIÓN DE SERIE |
| Mención de serie |
Biblioteca americana (Fondo de Cultura Económica México). Viajes al siglo XIX |
| 600 10 - ASIENTO SECUNDARIO DE MATERIA - NOMBRE PERSONAL |
| Nombre de persona |
Sierra, Justo, |
| Fechas asociadas al nombre |
1848-1912 |
| 9 (RLIN) |
28551 |
| 700 1# - ASIENTO SECUNDARIO--NOMBRE DE PERSONAL |
| Nombre de persona |
Treviño García, Blanca Estela, |
| Fechas asociadas al nombre |
1950- |
| Término indicativo de función/relación |
autora de la selección, cronología y estudio preliminar |
| 9 (RLIN) |
47384 |
| 700 1# - ASIENTO SECUNDARIO--NOMBRE DE PERSONAL |
| Nombre de persona |
Molina, Silvia, |
| Fechas asociadas al nombre |
1946- |
| 9 (RLIN) |
29354 |
| 902 ## - ELEMENTOS DE DATOS B LOCAL, LDB (RLIN) |
| Creó |
NoemiAcosta/171122 |
| 905 ## - TIPO DE MATERIAL |
| Tipo de material |
Libro |
| 942 ## - ELEMENTOS DE PUNTO DE ACCESO ADICIONAL (KOHA) |
| Suprimir en OPAC |
No |
| Tipo de ítem Koha |
Libro |
| Fuente del sistema de clasificación o colocación |
Library of Congress Classification |